Library of the University of Algiers 3
Ibrahim Sultan Cheibout
شعار جامعة الجزائر 3
مكتبة جامعة الجزائر 3
إبراهيم سلطان شيبوط

مدخل إلى الإقتصاد القياسي / (رقم التسجيلة. 40994)

تفاصيل مارك
000 -LEADER
fixed length control field 02426nam a2200241Ia 4500
003 - CONTROL NUMBER IDENTIFIER
control field Ost
005 - DATE AND TIME OF LATEST TRANSACTION
control field 20260416102351.0
008 - FIXED-LENGTH DATA ELEMENTS--GENERAL INFORMATION
fixed length control field 260416s9999||||xx |||||||||||||| ||und||
040 ## - CATALOGING SOURCE
Transcribing agency fsecg
041 ## - LANGUAGE CODE
Language code of text/sound track or separate title ara
082 ## - DEWEY DECIMAL CLASSIFICATION NUMBER
Classification number 330.015195
100 ## - MAIN ENTRY--PERSONAL NAME
Personal name مباني، عبد المالك
Relator term مؤلف
245 #0 - TITLE STATEMENT
Title مدخل إلى الإقتصاد القياسي /
Statement of responsibility, etc. عبد المالك مباني
260 ## - PUBLICATION, DISTRIBUTION, ETC.
Place of publication, distribution, etc. الجزائر
Name of publisher, distributor, etc. جامعة الجزائر3: كلية العلوم الإقتصادية، العلوم التجارية وعلوم التسيير
Date of publication, distribution, etc. 2015
300 ## - PHYSICAL DESCRIPTION
Extent 106 ورقة
Other physical details ايضاحات
Dimensions 30 سم
504 ## - BIBLIOGRAPHY, ETC. NOTE
Bibliography, etc. note مراجع ص.106؛ ملاحق ص.103
520 ## - SUMMARY, ETC.
Summary, etc. تحليل الانحدار البسيط: النموذج الخطي البسيط و فرضياته، تقدير نموذج الانحدار الخطي البسيط، الخصائص الاحصائية لمقدرات طريقة المربعات الصغرى، معامل التحديد كمقياس لصلاحية النموذج، مثال عددي حول تقدير الانحدار الخطي البسيط ، الاستدلال الاحصائي المطبق في الانحدار الخطي البسيط، استخدام النموذج المقدر في التنبؤ، عرض نتائج تحليل الانحدار الخطي، سلسلة تمارين محلولة في الانحدار الخطي البسيط. تحليل الانحدار المتعدد: مراجعة عامة لمبادئ المصفوفات، تقدير معاملات النموذج المتعدد باستخدام طريقة المصفوفات، الخصائص الاحصائية للمعالم المقدرة، مثال عددي حول تقدير الانحدار المتعدد، معامل التحديد و معامل التحديد المرجح في الانحدار الخطي المتعدد، اختبار الفرضيات و مجالات الثقة في الانحدار المتعدد، التنبؤ باستحدام النموذج المتعدد، سلسلة تمارين محلولة حول تحليل الانحدار المتعدد.
653 ## - INDEX TERM--UNCONTROLLED
Uncontrolled term الاقتصاد التحليلي
653 ## - INDEX TERM--UNCONTROLLED
Uncontrolled term الاقتصاد الرياضي
653 ## - INDEX TERM--UNCONTROLLED
Uncontrolled term الاقتصاد القياسي
710 ## - ADDED ENTRY--CORPORATE NAME
Corporate name or jurisdiction name as entry element جامعة الجزائر3: كلية العلوم الإقتصادية، العلوم التجارية وعلوم التسيير
Relator term ناشر علمي
942 ## - ADDED ENTRY ELEMENTS (KOHA)
Koha item type مطبوعات
المقتنيات
Withdrawn status Lost status Source of classification or shelving scheme Damaged status Not for loan Home library Current library Date acquired Serial enumeration / chronology Inventory number Total checkouts Full call number Barcode Date last seen Price effective from Koha item type
    Dewey Decimal Classification   NOT LOAN / إعارة داخلية مكتبة كلية العلوم الإقتصادية والعلوم التجارية وعلوم التسيير مكتبة كلية العلوم الإقتصادية والعلوم التجارية وعلوم التسيير 16/04/2026 الطابق الثاني مط.44-1   مط.44 ن1 مط.44-1 16/04/2026 16/04/2026 مطبوعات

موارد الويب المفتوحة


© University of Algiers 3 All Rights Reserved
|
Implemented by LECHELAH Riad